00758nam a22001937a 450000500170000002000430001702000190006010000240007924500630010326000690016627000820023530000310031749000310034850000190037970000270039894200170042599900170044295201050045920120119120134.0 a9788179933770c570.00 (set of 6 books) a9788179934197  aBagai, Shona939671 aAll about skin /cby Shona Bagai; edited by Anupama Jauhry aNew DelhibThe Energy and Resources Institute, TERI Press,c2011 aDarbari Seth Block, IHC Complex, Lodhi RoadbNew Delhie110003k26482100/4150 a22pbill (col)c26cm (Pbk) aDesigned to survive939672 aset of 6 books aJauhry, Anupama939670 2ddccCHmBAG c61194d61194 001040718NFICaAGbAGd2012-01-19g570.00l0oBAGr2012-01-19 00:00:00t1v570.00w2012-01-19yCH